The work of the professional quantity surveyor (Record no. 105691)
[ view plain ]
| 000 -LEADER | |
|---|---|
| fixed length control field | 00756cam a2200181 4500 |
| 001 - CONTROL NUMBER | |
| control field | ##L134474 |
| 008 - FIXED-LENGTH DATA ELEMENTS--GENERAL INFORMATION | |
| fixed length control field | 060808n 000 0 eng u |
| 035 ## - SYSTEM CONTROL NUMBER | |
| System control number | (Sirsi) u134474 |
| 041 0# - LANGUAGE CODE | |
| Language code of text/sound track or separate title | eng |
| 050 04 - LIBRARY OF CONGRESS CALL NUMBER | |
| Classification number | 692.5023 $2 18 |
| 110 2# - MAIN ENTRY--CORPORATE NAME | |
| Corporate name or jurisdiction name as entry element | Incorporated Association of Architects and Surveyors |
| 9 (RLIN) | 4913 |
| 245 04 - TITLE STATEMENT | |
| Title | The work of the professional quantity surveyor |
| 260 ## - PUBLICATION, DISTRIBUTION, ETC. | |
| Place of publication, distribution, etc. | [S.l.] |
| Name of publisher, distributor, etc. | [s.n.] |
| Date of publication, distribution, etc. | [1962?] (London |
| Name of publisher, distributor, etc. | W. P. Griffith and Sons) |
| 300 ## - PHYSICAL DESCRIPTION | |
| Extent | 7p. |
| Dimensions | 22cm. |
| 520 ## - SUMMARY, ETC. | |
| Summary, etc. | Short pamphlet explaining the work of quantity surveyors. Covers: historical background; pre-contract duties; post-contract duties; other duties; benefit to the building owner; appointment; and fees. |
| 690 ## - LOCAL SUBJECT ADDED ENTRY--TOPICAL TERM (OCLC, RLIN) | |
| Topical term or geographic name as entry element | BUILT ENVIRONMENT-QUANTITY SURVEYING-QUANTITY SURVEYORS |
| 942 ## - ADDED ENTRY ELEMENTS (KOHA) | |
| Suppress in OPAC | 0 |
No items available.